000 01175nam a2200337 i 4500
001 11924
003 KOSZ 005
005 20210112132619.0
008 070924s1969 pl a f 001 0 pol
015 _aPB 1969/10479
040 _aWA N
_cKOSZ 005/RW
_dKOSZ 005/RW
_dKOSZ 005/HR
041 1 _apol
_heng
046 _k1969
080 _a535
100 1 _aHoughton, John Theodore
_d(1931- ).
_eAutor.
245 1 0 _aFizyka podczerwieni /
_cJ. T. Houghton, S. D. Smith ; [z ang. tł. Stanisław Kozikowski].
246 1 _iTyt. oryg.:
_aInfra-red physics.
260 _aWarszawa :
_bPaństwowe Wydawnictwo Naukowe,
_c1969.
300 _a408, [3] s. :
_bil., err. ;
_c23 cm.
380 _aKsiążki.
388 _a1901-
504 _aIndeks.
658 _aFizyka i astronomia
650 4 _aOptyka
650 4 _aPromieniowanie podczerwone
700 1 _aSmith, Stanley Desmond
_d(1931- ).
_eAutor.
710 2 _aPaństwowe Wydawnictwo Naukowe
_4pbl.
700 1 _aKozikowski, Stanisław
_eTłumaczenie
856 _uhttp://koha.tu.koszalin.pl/cgi-bin/koha/opac-detail.pl?biblionumber=11924
_yKatalog online BPK
942 _2UKD
_cKS
999 _c11924
_d11924